| 000 | 00000nam 2200000zi 4500 |
| 001 | 9.942994 |
| 003 | CaOODSP |
| 005 | 20240909150300 |
| 006 | m o d f |
| 007 | cr |n |||||||| |
| 008 | 240909t19891989oncab of f000 0|fre d |
| 040 | |aCaOODSP|bfre|erda|cCaOODSP |
| 041 | |afre|aeng |
| 043 | |an-cn--- |
| 086 | 1 |aCo22-484/1989-PDF |
| 245 | 04|aThe employee handbook. |
| 246 | 35|aGuide de l'employé |
| 264 | 1|a[Ottawa] : |bCommunications Canada, |c[1989] |
| 264 | 4|c©1989 |
| 300 | |a1 ressource en ligne (57, 58 pages) : |billustrations, cartes |
| 336 | |atexte|btxt|2rdacontent/fre |
| 337 | |ainformatique|bc|2rdamedia/fre |
| 338 | |aressource en ligne|bcr|2rdacarrier/fre |
| 500 | |aÉdition numérisée de l'imprimé [par Innovation, Sciences et Développement économique Canada]. |
| 546 | |aTexte en anglais et en français, le texte français suit l'anglais. |
| 610 | 16|aCanada. |bCommunications Canada|xFonctionnaires|vGuides, manuels, etc. |
| 655 | 7|aGuides et manuels|2rvmgf |
| 710 | 1 |aCanada. |bCommunications Canada, |eorganisme de publication. |
| 791 | |tThe employee handbook.|eeng|w(CaOODSP)9.899071 |
| 856 | 40|qPDF|s7961 Ko|uhttps://publications.gc.ca/collections/collection_2024/isde-ised/co22/Co22-484-1989.pdf |